LEADER 02719oas 2201081 a 450 001 9910229831003321 005 20260218111723.0 011 $a1588-2616 035 $a(DE-599)ZDB2014773-9 035 $a(OCoLC)45495688 035 $a(CONSER) 2007252094 035 $a(CKB)110974993510295 035 $a(DE-599)2014773-9 035 $a(EXLCZ)99110974993510295 100 $a20001207b19912015 sy a 101 0 $aeng 135 $aurmnu|||||||| 181 $ctxt$2rdacontent 182 $cc$2rdamedia 183 $acr$2rdacarrier 200 00$aActa juridica Hungarica 210 1$aBudapest :$cAkade?miai Kiado?,$d[1991-2015] 210 31$a[Dordrecht] :$cKluwer Academic Publishers 215 $a1 online resource (23 volumes) 300 $aRefereed/Peer-reviewed 311 08$a1216-2574 517 1 $aHungarian journal of legal studies 517 1 $aAJH 606 $aLaw$zHungary$vPeriodicals 606 $aInternational law$vPeriodicals 606 $aDroit$zHongrie$vPe?riodiques 606 $aDroit international$vPe?riodiques 606 $aInternational law$2fast$3(OCoLC)fst00976984 606 $aLaw$2fast$3(OCoLC)fst00993678 606 $aDret$2thub 606 $aDret internacional$2thub 607 $aHungary$2fast$1https://id.oclc.org/worldcat/entity/E39PBJqBtb4QKCYGrVyyWtMQMP 607 $aHongria$2thub 608 $aperiodicals.$2aat 608 $aPeriodicals.$2fast 608 $aPeriodicals.$2lcgft 608 $aLaw reviews.$2lcgft 608 $aPe?riodiques.$2rvmgf 608 $aRevistes electròniques.$2thub 615 0$aLaw 615 0$aInternational law 615 6$aDroit 615 6$aDroit international 615 7$aInternational law. 615 7$aLaw. 615 7$aDret. 615 7$aDret internacional. 676 $a340 712 02$aMagyar Tudoma?nyos Akade?mia 801 0$bF#A 801 1$bF#A 801 2$bOCLCQ 801 2$bF#A 801 2$bOCLCQ 801 2$bOH1 801 2$bMUQ 801 2$bOCLCQ 801 2$bWAU 801 2$bOCLCQ 801 2$bOCLCF 801 2$bOCLCQ 801 2$bBUF 801 2$bOCLCO 801 2$bVT2 801 2$bUUM 801 2$bOCLCO 801 2$bAUD 801 2$bOCLCE 801 2$bUCO 801 2$bCWCLL 801 2$bUAB 801 2$bLIP 801 2$bOTZ 801 2$bCEF 801 2$bYOU 801 2$bJ9U 801 2$bUKBOL 801 2$bOCLCQ 801 2$bTXA 801 2$bOCLCL 801 2$bSFB 801 2$bOCLCQ 801 2$bCLU 801 2$bU3W 906 $aJOURNAL 912 $a9910229831003321 996 $aActa juridica Hungarica$9802190 997 $aUNINA